00469nam a22001817a 4500003000400000008004100004020001800045082001200063100001600075245007100091250001100162260004200173300000900215650000800224700001600232700001900248700002000267OSt231230b |||||||| |||| 00| 0 eng d a9789380896267 a510 SEE aSEHGAL,Amit aElements of Mathematical Foundations of Computer Science Paper-108 a1st Ed aNew DelhibJeevansons Publicationsc- aMISC aBCA aKUMAR,Sunil aDAHIYA,Sandeep aYADAV,Vikasdeep